Drawing a Blank: Harry Potter Quiz Stats

Quiz Updated Jul 19, 2015

Challenge
Share
Tweet
Embed
Score 0/70 Timer 06:00
13 Plays Today
Hint Answer % Correct
Hermione _____?Granger
98.6%
Sirius _____?Black
98.2%
Albus _____?Dumbledore
96.9%
_____ Pettigrew?Peter
96.4%
_____ Snape?Severus
96.4%
Dolores _____?Umbridge
95.2%
_____ Delacour?Fleur
94.2%
_____ Chang?Cho
92.8%
Remus _____?Lupin
91.8%
____ Lovegood?Luna
91.5%
_____ Hagrid?Rubeus
91.4%
Cedric _____?Diggory
91.1%
Charlie _____?Weasley
90.8%
Rowena _____?Ravenclaw
89%
Narcissa _____?Malfoy
88.8%
Viktor _____?Krum
87.9%
Tom Marvolo _____?Riddle
86.8%
Rita _____?Skeeter
86.5%
Bellatrix _____?Lestrange
85.6%
_____ McGonagall?Minerva
84.5%
Petunia _____?Dursley
84.2%
James _____?Potter
83.4%
_____ Shacklebolt?Kingsley
82.9%
Parvati _____?Patil
81.4%
_____ Finnigan?Seamus
80.2%
Godric _____?Gryffindor
78.8%
Sybil _____?Trelawney
76.6%
_____ Wood?Oliver
76.5%
_____ Bell?Katie
76.5%
Colin _____?Creevey
76.3%
_____ Filch?Argus
75.8%
Mundungus _____?Fletcher
75.5%
_____ Hufflepuff?Helga
75.5%
Frank _____?Longbottom
74.2%
Andromeda _____?Tonks
74%
Hint Answer % Correct
_____ Jordan?Lee
73.6%
_____ Fudge?Cornelius
72.2%
_____ Parkinson?Pansy
72%
_____ Abbott?Hannah
71.7%
_____ Karkaroff?Igor
71.1%
Gilderoy _____?Lockhart
71%
_____ Crabbe?Vincent
70.9%
Lavender _____?Brown
70.8%
_____ Moody?Alastor
70.2%
_____ Slytherin?Salazar
69.6%
Fenrir _____?Greyback
68.8%
_____ Slughorn?Horace
67.8%
Amycus _____?Carrow
67.4%
Susan _____?Bones
66.7%
Bartemius _____?Crouch
66.6%
_____ Scrimgeour?Rufus
65.5%
Quirinus _____?Quirrell
65.1%
_____ Flamel?Nicolas
64.1%
_____ Zabini?Blaise
63.2%
_____ Goyle?Gregory
60.9%
_____ Finch-Fletchley?Justin
60.7%
_____ Johnson?Angelina
57.7%
_____ Grindelwald?Gellert
55.7%
Garrick _____?Ollivander
54.1%
_____ Maxime?Olympe
51.4%
_____ Flitwick?Filius
50.9%
_____ Thicknesse?Pius
50.2%
Poppy _____?Pomfrey
49.8%
Rolanda _____?Hooch
47.8%
Cuthbert _____?Binns
47.6%
_____ Sprout?Pomona
44.6%
_____ Burbage?Charity
42.2%
Marietta _____?Edgecombe
39.1%
Septima _____?Vector
33.3%
_____ Pince?Irma
22.4%

You're not logged in!

Compare scores with friends on all Sporcle quizzes.
Sign Up with Email
OR
Log In

You Might Also Like...

Show Comments

Extras

Top Quizzes Today


Score Distribution

Your Account Isn't Verified!

In order to create a playlist on Sporcle, you need to verify the email address you used during registration. Go to your Sporcle Settings to finish the process.